[Event "Pinneberg-ch"]
[Site "Pinneberg"]
[Date "2006.09.08"]
[Round "4.34"]
[White "Rose, Norman"]
[Black "Hotze, Kurt"]
[Result "0-1"]
[WhiteElo "1477"]
[BlackElo "1642"]
[PlyCount "58"]
[EventDate "2006.08.22"]
[EventType "swiss"]
[EventRounds "7"]
[EventCountry "GER"]
[SourceTitle "EXT 2007"]
[Source "ChessBase"]
[SourceDate "2006.11.23"]
[SourceVersion "1"]
[SourceVersionDate "2006.11.23"]
[SourceQuality "1"]

1. e4 c5 2. d4 cxd4 3. c3 g6 4. cxd4 d6 5. Bc4 Bg7 6. Nf3 Nf6 7. Nc3 0-0 8. 0-0 Nc6 9. Re1 Bg4 10. Be3 e5 11. d5 Na5 12. Be2 Bxf3 13. Bxf3 Nc4 14. Qc1 Nxe3 15. Qxe3 a6 16. Rac1 b5 17. b3 Qa5 18. Rc2 Rfc8 19. Rec1 h5 20. Qe2 Bh6 21. Ra1 Rxc3 22. Qe1 Rac8 23. Rxc3 Rxc3 24. a3 Qc7 25. a4 b4 26. Be2 a5 27. Bc4 Qb6 28. Rd1 Rc2 29. Be2 Nxe4 0-1